000 00454nam a22001697a 4500
005 20250217113842.0
008 250217b |||||||| |||| 00| 0 eng d
020 _a9780412375705
050 _aHF5691
_b SLA
100 _aSlater, Roger
245 _aQuantitative techniques in a business context
260 _aLondon
_bE and FN Spon
_cc1980
300 _avii, 391p;
_bill.;
500 _aincludes index
700 _aAscroft, Peter
942 _2lcc
_cBK
_n0
999 _c3904
_d3904